Orange 🟠 logo quiz - Statistics

General Stats
  • This quiz has been taken 416 times
  • The average score is 6 of 12
Answer Stats
Picture Answer % Correct
The Home Depot
86%
Amazon
83%
Nickelodeon
82%
Harley-Davidson
75%
Bitcoin
65%
Orange
40%
TNT Express
38%
EasyJet
30%
ING Direct
27%
VLC
23%
JetStar
13%
Arte
8%
No matching quizzes found
Score Distribution
Percent of People with Each Score
Percentile by Number Answered
Your Score History
You have not taken this quiz